000 00665nam a2200229 a 4500
008
020 _a0582447089 (pbk.)
049 _aMAIN
090 _aQD251.2
_bTAY
100 1 _aTaylor, G. A.
245 1 0 _aOrganic chemistry for students of biology and medicine /
_cG. A. Taylor.
250 _a3rd ed.
260 _aHarlow :
_bLongman Scientific and Technical,
_c1987.
300 _aix, 352 p. :
_bill. ;
_c22 cm.
500 _aIncludes index.
650 0 _aChemistry, Organic.
907 _a.b10048996
_b10-02-10
_c17-04-03
003
005 20230123133726.0
040 _cNUST
942 _cBOOKS
_kQD251.2
_mTAY
999 _c153564
_d153564